| 000 | 00557nam a2200181Ia 4500 | ||
|---|---|---|---|
| 999 |
_c10041 _d10041 |
||
| 003 | OSt | ||
| 005 | 20201013143532.0 | ||
| 008 | 190216s9999||||xx |||||||||||||| ||und|| | ||
| 020 | _a9780155586352 | ||
| 040 | _coclc | ||
| 082 |
_a338.5 _bGLA/M |
||
| 100 |
_aGlahe, Fred R _9479 |
||
| 245 | 0 |
_aMicroeconomics Theory And Applications / _cFred R Glahe ; Dwight R Lee |
|
| 260 |
_bHarcourt Brace Jovanovich College Pubshers, _c1989. _aUSA: |
||
| 300 | _a603 p | ||
| 650 | _aEconomics | ||
| 942 |
_cBK _2ddc _h338.5 _iGLA/M _k338.5 _mGLA/M |
||